000 nam a22 7a 4500
999 _c127288
_d127288
008 171205b xxu||||| |||| 00| 0 eng d
020 _a9781292095936
050 _aHF1017.B382 2016
100 _aLevine, Davine M.
_937951
245 _aBusiness Statistics
_ba first course
_cDavid M. Levine, Kathryn A. Szabat and David F. Stephan
250 _a7th. editions
260 _aBoston
_bPearson
_c2016
300 _a596p. ;
_c28cm.
650 _aCommercial statistics
_937952
650 _aIndustrial management
_xStatistical methods
_937953
942 _2lcc
_cMONOGRAPH